000 00721nam a2200265Ia 4500
003 OSt
005 20220918163249.0
006 a|||||r|||| 00| 0
007 ta
008 220917b |||||||| |||| 00| 0 eng d
020 _a0 460 03925 3
024 _a28,749
037 _cTextual
040 _aARTS
_cARTS
_beng
041 _2eng
_aeng
082 _aO111,3M12:g, L6
100 _aHardwick Mollie
_94832
245 0 _aDicken's England
260 _aLondon
_bJ M Dent UK
_c1976
300 _aix,172p. illus
_ccm.
650 _aENGLISH LITERATURE
700 _a Hardwick Michael
_912361
942 _hO111,3M12:g, L6
_cTEXL
_2CC
999 _c118791
_d118791